00780 2200277 4500001002100000005001700021008004100038020001800079035002400097082001100121090001800132100002000150245011600170250001000286260003400296300002500330500002700355650001000382700002500392711002300417850001500440980001100455985000600466999001500472999001500487YOGYA-0209000003858420090227025400.0 ind  a979-3629-04-5 0010-020900000038584 a808.08 a808.08bSun T aSUNARTO, Akhmad aTertawa bersama Abu Nawasbuntuk penyegar jiwacAchmad Sunarto, abdurrosyad Shiddiq; editor, Tim Pustaka Anisah aCet.1 aRembangbPustaka Anisahc2003 axvii, 164 hlmc18 cm aBibliografi : hlm. 164 aHumor aShiddiq, Abdurrasyad aTim Pustaka Anisah aYOPDYOG(M) a040506 a2 a05B0012033 a05B0012034